|
|
|
|
| LEADER |
02256nam a22005055i 4500 |
| 001 |
978-3-642-36376-4 |
| 003 |
DE-He213 |
| 005 |
20151204162521.0 |
| 007 |
cr nn 008mamaa |
| 008 |
130330s2013 gw | s |||| 0|eng d |
| 020 |
|
|
|a 9783642363764
|9 978-3-642-36376-4
|
| 024 |
7 |
|
|a 10.1007/978-3-642-36376-4
|2 doi
|
| 040 |
|
|
|d GrThAP
|
| 050 |
|
4 |
|a HD30.23
|
| 072 |
|
7 |
|a KJT
|2 bicssc
|
| 072 |
|
7 |
|a KJMD
|2 bicssc
|
| 072 |
|
7 |
|a BUS049000
|2 bisacsh
|
| 082 |
0 |
4 |
|a 658.40301
|2 23
|
| 100 |
1 |
|
|a Li, Xiang.
|e author.
|
| 245 |
1 |
0 |
|a Credibilistic Programming
|h [electronic resource] :
|b An Introduction to Models and Applications /
|c by Xiang Li.
|
| 264 |
|
1 |
|a Berlin, Heidelberg :
|b Springer Berlin Heidelberg :
|b Imprint: Springer,
|c 2013.
|
| 300 |
|
|
|a IX, 144 p.
|b online resource.
|
| 336 |
|
|
|a text
|b txt
|2 rdacontent
|
| 337 |
|
|
|a computer
|b c
|2 rdamedia
|
| 338 |
|
|
|a online resource
|b cr
|2 rdacarrier
|
| 347 |
|
|
|a text file
|b PDF
|2 rda
|
| 490 |
1 |
|
|a Uncertainty and Operations Research,
|x 2195-996X
|
| 505 |
0 |
|
|a Preface -- Credibility Theory -- Credibilistic Programming -- Mathematical Programming -- Expected Value Model -- Chance-Constrained Programming -- Entropy Maximization Model -- Cross-Entropy Minimization Model -- Regret Minimization Model.
|
| 520 |
|
|
|a It provides fuzzy programming approach to solve real-life decision problems in fuzzy environment. Within the framework of credibility theory, it provides a self-contained, comprehensive and up-to-date presentation of fuzzy programming models, algorithms and applications in portfolio analysis.
|
| 650 |
|
0 |
|a Business.
|
| 650 |
|
0 |
|a Operations research.
|
| 650 |
|
0 |
|a Decision making.
|
| 650 |
|
0 |
|a Artificial intelligence.
|
| 650 |
|
0 |
|a Mathematics.
|
| 650 |
1 |
4 |
|a Business and Management.
|
| 650 |
2 |
4 |
|a Operation Research/Decision Theory.
|
| 650 |
2 |
4 |
|a Artificial Intelligence (incl. Robotics).
|
| 650 |
2 |
4 |
|a Mathematics, general.
|
| 710 |
2 |
|
|a SpringerLink (Online service)
|
| 773 |
0 |
|
|t Springer eBooks
|
| 776 |
0 |
8 |
|i Printed edition:
|z 9783642363757
|
| 830 |
|
0 |
|a Uncertainty and Operations Research,
|x 2195-996X
|
| 856 |
4 |
0 |
|u http://dx.doi.org/10.1007/978-3-642-36376-4
|z Full Text via HEAL-Link
|
| 912 |
|
|
|a ZDB-2-SBE
|
| 950 |
|
|
|a Business and Economics (Springer-11643)
|